¿Qué significa estar orientado al mercado? (Registro nro. 14510)

Detalles MARC
000 -LEADER
fixed length control field 00333 a2200109 4500
001 - CONTROL NUMBER
control field ART_10298
005 - DATE AND TIME OF LATEST TRANSACTION
control field 20260410161654.0
008 - FIXED-LENGTH DATA ELEMENTS--GENERAL INFORMATION
fixed length control field 260409a
100 1# - MAIN ENTRY--PERSONAL NAME
Personal name Day, George S.
245 10 - TITLE STATEMENT
Title ¿Qué significa estar orientado al mercado?
773 0# - HOST ITEM ENTRY
Title Harvard Deusto Business Review
Related parts - Nº 93 (nov./dic. 1999)
Record control number REV521

No hay ítems disponibles.